| 000 | 01105nam a2200229 a 4500 | ||
|---|---|---|---|
| 005 | 20180803165226.0 | ||
| 008 | 131126b2005 ck ||||| |||| 00| 0 spa d | ||
| 040 | _cCO-BoIH | ||
| 041 | _aspa | ||
| 044 | _ack | ||
| 090 |
_aIAVH _b00459 |
||
| 110 |
_bCorporación Serraniaguas _92945 |
||
| 245 | _aEstablecimientos y evaluación de herramientas de manejo del paisaje desde la reconversión productiva de paisajes andinos - paisaje rural cafetero del municipio de El Cairo (Valle) | ||
| 260 |
_aEl Cairo _bSerraniaguas _bInstituto Alexander von Humboldt _c2005 |
||
| 300 | _a142 p. | ||
| 500 | _aInforme tecnico contrato Nº.161 entre el Instituto de Investigación de Recursos Biológicos Alexander von Humboldt y la corporacion Serraniagua. | ||
| 520 | _aLa conservación de la biodiversidad,debido a los resultados obtenidos con las caracterizaciones biológicas, las condiciones climáticas y su ubicación dentro de la serranía de los Paraguas. | ||
| 650 |
_aZona cafetera _zEl cairo (Valle de Cauca) _929341 |
||
| 650 |
_aBiodiversidad _992204 |
||
| 942 |
_cINFORME _2z |
||
| 945 | _d2005-11-22 | ||
| 999 |
_c4853 _d4853 |
||